El sistema político Uruguayo entre dos épocas : represión estatal y democracia tradicional /

Uloženo v:
Podrobná bibliografie
Hlavní autoři: Dutrenit Bielos, Silvia, Varela Petito, Gonzalo
Médium: Neznámo
Témata:
Tagy: Přidat tag
Žádné tagy, Buďte první, kdo vytvoří štítek k tomuto záznamu!

MARC

LEADER 000000000a22000000004500
001 004924
100 1 |a Dutrenit Bielos, Silvia 
100 1 |a Varela Petito, Gonzalo 
245 1 3 |a El sistema político Uruguayo entre dos épocas :   |b represión estatal y democracia tradicional /   |c Silvia Dutrenit Bielos, Gonzalo Varela Petito. 
310 |a semestral 
650 4 |a URUGUAY 
650 4 |a REPRESION ESTATAL 
650 4 |a SISTEMAS POLITICOS 
650 4 |a DEMOCRACIA URUGUAYA 
773 0 |x 1384-5799  |d CEDLA  |t Revista Europea de Estudios Latinoamericanos y del Caribe  |g número 60, páginas 71-86 
942 |c ARC 
999 |c 11554  |d 11554